| 000 | 00631nam a2200205 4500 | ||
|---|---|---|---|
| 003 | OSt | ||
| 005 | 20240705023304.0 | ||
| 006 | a | ||
| 008 | 240705b |||||||| |||| 00| 0 eng d | ||
| 020 | _a9789810698591 | ||
| 040 |
_aDWCL-Main lib. _cOC |
||
| 082 |
_2Twelfth edition _aCirc. 658.8 K87p 2008 |
||
| 100 | _aKottler, Philip | ||
| 245 | _aPrinciples of marketing / | ||
| 260 |
_aSingapore : _bPearson Education South Asia Pte. Ltd., _cc2008. |
||
| 300 |
_axxxiv, _b(various paging) : ill. ; _c25 cm. |
||
| 504 | _aIncludes bibliographical references & index. | ||
| 650 | _a1. Marketing. | ||
| 942 |
_2ddc _n0 _cBK-CIRC _kCirc. |
||
| 999 |
_c1999 _d1999 |
||